000
00361nam a22001577a 4500
003
MPLRDC
005
20220104123342.0
008
210129b ||||| |||| 00| 0 eng d
082
_a
964 DJY
100
_a
董爵云编著
245
_a
商标设计
_c
260
_a
_b
现代书版公司
_c
300
_b
平
650
_a
工商美术
942
_c
BK
_o
964 DJY
999
_c
10717
_d
10707